Hierarchical Simulation of Statistical Variability From 3-D MC with "Ab Initio” Ionized Impurity Scattering to Statistical Compact Models

Salvato in:
Dettagli Bibliografici
Autore principale: Kováč, Urban
Altri autori: Alexander, Craig, Roy, Gareth, Riddet, Craig, Cheng, Binjie, Asenov, Asen
Natura: Capitolo di libro
Lingua:inglese
Tags: Aggiungi Tag
Nessun Tag, puoi essere il primo ad aggiungerne!!

MARC

LEADER 00000nla$a2200000$$$4500
001 0127853
005 20240502083321.8
041 0 |a eng 
044 |a US 
245 1 0 |a Hierarchical Simulation of Statistical Variability  |b From 3-D MC with "Ab Initio” Ionized Impurity Scattering to Statistical Compact Models  |c Urban Kováč, Craig Alexander, Gareth Roy, Craig Riddet, Binjie Cheng, Asen Asenov 
100 1 |a Kováč, Urban 
700 1 |a Alexander, Craig 
700 1 |a Roy, Gareth 
700 1 |a Riddet, Craig 
700 1 |a Cheng, Binjie 
700 1 |a Asenov, Asen